Catálogo
 En Linea

En el paraíso del amor / (Registro nro. 1883)

Detalles MARC
000 -CABECERA
campo de control de longitud fija 00670nam a2200205 a 4500
001 - NÚMERO DE CONTROL
campo de control 000002018
005 - FECHA Y HORA DE LA ÚLTIMA TRANSACCIÓN
campo de control 20240412074159.0
008 - DATOS DE LONGITUD FIJA--INFORMACIÓN GENERAL
campo de control de longitud fija 090630s2008 dr 000 p spa d
040 ## - FUENTE DE LA CATALOGACIÓN
Centro catalogador/agencia de origen DO-SdBNP
Lengua de catalogación spa
Centro/agencia transcriptor BNPHU
082 ## - NÚMERO DE LA CLASIFICACIÓN DECIMAL DEWEY
Número de clasificación RD861.5
Número de documento/Ítem C957e
100 1# - ENTRADA PRINCIPAL--NOMBRE DE PERSONA
Nombre de persona Cruz, Luis Manuel
Títulos y otros términos asociados al nombre 1987-
9 (RLIN) 6519
245 10 - MENCIÓN DE TÍTULO
Título En el paraíso del amor /
Mención de responsabilidad, etc. Luis Manuel Cruz ; prólogo Antonio Taveras Mejía.
260 ## - PUBLICACIÓN, DISTRIBUCIÓN, ETC.
Lugar de publicación, distribución, etc. Bonao :
Nombre del editor, distribuidor, etc. Juan Fco. Publishing,
Fecha de publicación, distribución, etc. 2008.
300 ## - DESCRIPCIÓN FÍSICA
Extensión 52 p. ;
Dimensiones 21 cm.
590 ## - NOTA LOCAL (RLIN)
Nota local Inventariado, 2019 / DG
650 #0 - PUNTO DE ACCESO ADICIONAL DE MATERIA--TÉRMINO DE MATERIA
Término de materia o nombre geográfico como elemento de entrada Poesía dominicana
9 (RLIN) 66
650 #0 - PUNTO DE ACCESO ADICIONAL DE MATERIA--TÉRMINO DE MATERIA
Término de materia o nombre geográfico como elemento de entrada Literatura dominicana.
9 (RLIN) 67
700 1# - PUNTO DE ACCESO ADICIONAL--NOMBRE DE PERSONA
Nombre de persona Taveras Mejía, Antonio
Término indicativo de función/relación pról.
9 (RLIN) 6478
910 ## - DATOS DE OPCIÓN DEL USUARIO (OCLC)
Datos de opción del usuario Jornada de catalogación
Existencias
Estado de retiro Estado de pérdida Restricciones de uso No para préstamo Código de colección Localización permanente Ubicación/localización actual Ubicación en estantería Fecha de adquisición Número de inventario Total de préstamos Signatura topográfica completa Código de barras Fecha visto por última vez Número de copia Precio válido a partir de Tipo de ítem Koha
        Dominicana de Servicio General General Depósito 27.04.2011 LF1   RD861.5 C957e 2018-30 25.06.2020 e.3 25.06.2020 Libro y Folleto Colección Dominicana de Servicio
      Excluido de préstamo Patrimonio Dominicano Patrimonio Dominicano Patrimonio Dominicano Depósito 30.06.2009 LF1   RD861.5 C957e 2018-10 25.06.2020   25.06.2020 Libro y Folleto Colección Patrimonio Dominicano
      Excluido de préstamo Patrimonio Dominicano Patrimonio Dominicano Patrimonio Dominicano Depósito 30.06.2009 LF1   RD861.5 C957e 2018-20 25.06.2020 e.2 25.06.2020 Libro y Folleto Colección Patrimonio Dominicano

Con tecnología Koha